zpět

Detail výsledku týmu

Dukla, Přerov

Datum a čas kvízu

33 Celkem bodů Celkový počet nahraných bodů na tomto kvízu bez doplňovacích otázek.
5. Pořadí na kvízu Konečné umístění týmu na tomto kvízu.

Zaznamenané odpovědi

# Otázka Odpověď Body Výsledky
1. Od minulého čtvrtka až do 23.... Kosmova kronika 1
2. Donald Trump a technika se na... eskalátor 1
3. Minulý týden proběhl v Brně me... Straka 0
4. Do Česka přichází nový módní ř... z Japonska 1
5. Dvěma pilotům formule 1 se min... Carlos Sainz; Charles Leclerc 0
6. Gesto, které vidíme na obrázku... 1C 2B 3D 4A 0
7. Gesto na obrázku znamená v mno... o stoletou válku 0
8. Sheldon Cooper v Teorii velkéh... Spocka a tapíra (ještěra) 0
9. Která dvě písmena české dvouru... CH, R 0.5
10. Na výřezu z obrazu francouzské... paroháč (že je mu žena nevěrná) 0